[Event "TCh-CHN DivA Regular"]
[Site "Fuling CHN"]
[Date "2023.06.05"]
[Round "1.1"]
[Board "1"]
[White "Zhao, Jun"]
[Black "Wan, Yunguo"]
[Result "1/2-1/2"]
[WhiteTitle "GM"]
[BlackTitle "GM"]
[WhiteElo "2584"]
[BlackElo "2504"]
[WhiteTeam "Shandong"]
[BlackTeam "Chongqing Jiulongpo"]
[WhiteFideId "8602522"]
[BlackFideId "8603189"]
[EventDate "2023.06.05"]
[EventType "team"]

1. e4 c5 2. Nf3 e6 3. c4 Nc6 4. d4 cxd4 5. Nxd4 Nf6 6. Nxc6 bxc6 7. Nc3 e5 8.
Qd3 Rb8 9. Be2 Bc5 10. Be3 Bxe3 11. Qxe3 Qb6 12. c5 Qa5 13. O-O-O O-O 14. g4 Ne8
15. a3 Nc7 16. Bc4 Ba6 17. Ba2 Nb5 18. Nxb5 Rxb5 19. Rxd7 Bc8 20. Re7 Rxc5+ 21.
Kb1 Rb5 22. Rxa7 Qd8 23. Bc4 Rb8 24. f3 Be6 25. Rc1 Bxc4 26. Rxc4 c5 27. Qc3
Qd1+ 28. Ka2 Rfd8 29. Rxc5 h6 30. Rac7 Rd3 31. Rc8+ Rxc8 32. Rxc8+ Kh7 33. Qc2
Qxf3 34. Rc4 Qf1 35. h4 Rd1 36. h5 Ra1+ 37. Kb3 Qf3+ 38. Qc3 Qd1+ 39. Kb4 f6 40.
Rc8 Rb1 41. Qc2 Qd4+ 42. Kb3 Qb6+ 43. Ka2 Rxb2+ 44. Qxb2 Qe6+ 1/2-1/2

[Event "TCh-CHN DivA Regular"]
[Site "Fuling CHN"]
[Date "2023.06.05"]
[Round "1.1"]
[Board "2"]
[White "Peng, Xiongjian"]
[Black "Liu, Qingnan"]
[Result "1-0"]
[BlackTitle "GM"]
[WhiteElo "2461"]
[BlackElo "2532"]
[WhiteTeam "Chongqing Jiulongpo"]
[BlackTeam "Shandong"]
[WhiteFideId "8610550"]
[BlackFideId "8603294"]
[EventDate "2023.06.05"]
[EventType "team"]

1. e4 d6 2. d4 g6 3. Nc3 Bg7 4. Be3 a6 5. Qd2 b5 6. a4 b4 7. Nd5 a5 8. f3 Bb7 9.
Bc4 e6 10. Nf4 Nf6 11. Bb3 Nc6 12. O-O-O e5 13. dxe5 Nxe5 14. h4 h6 15. Nge2
Nfd7 16. Kb1 Qf6 17. Nd5 Bxd5 18. Qxd5 O-O 19. Bd4 Qe7 20. Bxe5 Nxe5 21. h5 g5
22. Rhf1 Nd7 23. Nd4 Nb6 24. Qc6 Bxd4 25. Rxd4 Qe5 26. Rd3 Rac8 27. g3 Qe8 28.
Rxd6 cxd6 29. Qxb6 Qe5 30. Rd1 Rfd8 31. Qb7 Qe8 32. Qb6 Rc5 33. Rxd6 Rxd6 34.
Qxd6 Qc6 35. Qe7 Qc7 36. Qf6 Rc6 37. Bxf7+ Qxf7 38. Qxc6 Qxf3 39. Qg6+ 1-0

[Event "TCh-CHN DivA Regular"]
[Site "Fuling CHN"]
[Date "2023.06.05"]
[Round "1.1"]
[Board "3"]
[White "Huang, Renjie"]
[Black "Liu, Zhaoqi"]
[Result "1-0"]
[BlackTitle "IM"]
[WhiteElo "2406"]
[BlackElo "2404"]
[WhiteTeam "Shandong"]
[BlackTeam "Chongqing Jiulongpo"]
[WhiteFideId "8610134"]
[BlackFideId "8609381"]
[EventDate "2023.06.05"]
[EventType "team"]

1. e4 e6 2. d4 d5 3. e5 c5 4. c3 Nc6 5. Nf3 Bd7 6. Be2 Nge7 7. Na3 cxd4 8. cxd4
Nf5 9. Nc2 Be7 10. O-O O-O 11. Bd2 Rc8 12. b4 Qb6 13. Bd3 a6 14. Kh1 f6 15. g4
fxe5 16. Nxe5 Nxe5 17. dxe5 Nh4 18. f4 Ba4 19. Rc1 d4 20. Qe2 Qd8 21. Kg1 Bc6
22. Ne1 Qd5 23. Rxc6 Rxc6 24. Be4 Qxa2 25. Bxc6 bxc6 26. Qd3 Qd5 27. Qxa6 c5 28.
bxc5 d3 29. Kf2 Bxc5+ 30. Kg3 Be7 31. Qa7 Rf7 32. Qa5 Qe4 33. Qa6 Qg6 34. h3 Rf8
35. Nf3 Nxf3 36. Kxf3 Rd8 37. Rc1 Qh6 38. h4 Qg6 39. h5 Qf7 40. Rc7 g5 41. Qb7
Re8 42. Rd7 Qf8 43. Qb3 gxf4 44. Qxe6+ Kh8 45. Qf5 Qg7 46. Qxd3 Qg5 47. Be1 Ra8
48. e6 Kg8 49. Bb4 Qh4 50. Bxe7 Qh3+ 51. Ke4 Ra4+ 52. Rd4 Qg2+ 53. Kf5 Ra5+ 54.
Kf6 Qb2 55. Qd2 Qa1 56. Qxa5 Qxd4+ 57. Qe5 Qa7 58. Qg5+ 1-0

[Event "TCh-CHN DivA Regular"]
[Site "Fuling CHN"]
[Date "2023.06.05"]
[Round "1.1"]
[Board "4"]
[White "Sun, Fanghui"]
[Black "Zhang, Xiao"]
[Result "1/2-1/2"]
[WhiteTitle "WIM"]
[WhiteElo "2223"]
[BlackElo "2147"]
[WhiteTeam "Chongqing Jiulongpo"]
[BlackTeam "Shandong"]
[WhiteFideId "8604150"]
[BlackFideId "8610894"]
[EventDate "2023.06.05"]
[EventType "team"]

1. e4 c6 2. Nc3 d5 3. Nf3 Bg4 4. h3 Bxf3 5. Qxf3 e6 6. d4 Nf6 7. Be2 dxe4 8. Qe3
Bb4 9. O-O Bxc3 10. bxc3 O-O 11. Qg3 Qa5 12. Bh6 Ne8 13. a4 Qf5 14. Rfb1 b6 15.
a5 b5 16. c4 a6 17. cxb5 cxb5 18. c4 Nc6 19. cxb5 Nxd4 20. Bg4 axb5 21. Bxf5
Ne2+ 22. Kh2 Nxg3 23. fxg3 Nd6 24. Bxh7+ Kxh7 25. Bf4 Ra6 26. Bxd6 Rxd6 27. Rxb5
Ra8 28. g4 Kg6 29. Kg3 Raa6 30. Kf4 Rd2 31. Kxe4 Rxg2 32. Ra3 Rd2 33. Ke3 Rd1
34. Ke4 Rd2 35. h4 f5+ 36. gxf5+ exf5+ 37. Ke5 Re2+ 38. Kd5 f4 39. Rb6+ Rxb6 40.
axb6 Rb2 41. Ke4 1/2-1/2

[Event "TCh-CHN DivA Regular"]
[Site "Fuling CHN"]
[Date "2023.06.05"]
[Round "1.1"]
[Board "5"]
[White "Hu, Yu A."]
[Black "Zhang, Lanlin"]
[Result "0-1"]
[WhiteElo "2065"]
[BlackElo "2156"]
[WhiteTeam "Shandong"]
[BlackTeam "Chongqing Jiulongpo"]
[WhiteFideId "8609993"]
[BlackFideId "8608032"]
[EventDate "2023.06.05"]
[EventType "team"]

1. e4 Nf6 2. e5 Nd5 3. d4 d6 4. Nf3 dxe5 5. Nxe5 g6 6. c4 Nb6 7. c5 N6d7 8. Bf4
Bg7 9. Nc4 O-O 10. Nc3 Nc6 11. Nb5 e5 12. Nxe5 Ndxe5 13. dxe5 Qe7 14. Be2 Bxe5
15. Bxe5 Qxe5 16. O-O Rd8 17. Qe1 a6 18. Nc3 Qxc5 19. Rc1 Bf5 20. Na4 Qd4 21.
Nc5 Qxb2 22. Bf3 Nd4 23. Qe3 Nxf3+ 24. Qxf3 b6 25. Nb7 Rd3 26. Qc6 Rc8 27. a4
Qd4 28. Rfe1 Bd7 29. Qc4 Qxc4 30. Rxc4 Be6 31. Rcc1 Rd7 32. Red1 Rxd1+ 33. Rxd1
Bb3 34. Rd4 c5 0-1

[Event "TCh-CHN DivA Regular"]
[Site "Fuling CHN"]
[Date "2023.06.05"]
[Round "1.2"]
[Board "1"]
[White "Xu, Xiangyu"]
[Black "Wen, Yang"]
[Result "1/2-1/2"]
[WhiteTitle "GM"]
[BlackTitle "GM"]
[WhiteElo "2603"]
[BlackElo "2581"]
[WhiteTeam "Chengdu"]
[BlackTeam "Hangzhou Bank"]
[WhiteFideId "8608288"]
[BlackFideId "8602956"]
[EventDate "2023.06.05"]
[EventType "team"]

1. d4 Nf6 2. Nf3 d5 3. c4 e6 4. Nc3 c5 5. cxd5 cxd4 6. Qxd4 exd5 7. e4 dxe4 8.
Qxd8+ Kxd8 9. Ng5 Be6 10. Nxe6+ fxe6 11. Bg5 Nc6 12. Bc4 Ke7 13. Nxe4 Kf7 14.
Bxf6 gxf6 15. O-O-O Rd8 16. Rxd8 Nxd8 17. Rd1 Be7 18. Rd7 f5 19. Nd6+ Kf6 20.
Nxb7 Nxb7 21. Rxb7 Bc5 22. Rc7 Bxf2 23. Rc6 Re8 24. b4 Rb8 25. Rxe6+ Kg5 26. b5
Rc8 27. Rc6 Rxc6 28. bxc6 Bb6 29. Kc2 Kf6 30. Be2 Ke5 31. Kd3 Kd6 32. Kc4 Bg1
33. Bd3 Bxh2 34. Bxf5 h6 35. Be4 Kc7 1/2-1/2

[Event "TCh-CHN DivA Regular"]
[Site "Fuling CHN"]
[Date "2023.06.05"]
[Round "1.2"]
[Board "2"]
[White "Bai, Jinshi"]
[Black "Li, Di"]
[Result "1/2-1/2"]
[WhiteTitle "GM"]
[BlackTitle "GM"]
[WhiteElo "2550"]
[BlackElo "2575"]
[WhiteTeam "Hangzhou Bank"]
[BlackTeam "Chengdu"]
[WhiteFideId "8602280"]
[BlackFideId "8607508"]
[EventDate "2023.06.05"]
[EventType "team"]

1. d4 Nf6 2. c4 e6 3. g3 d5 4. Bg2 Be7 5. Nf3 O-O 6. Nc3 dxc4 7. Ne5 Nc6 8. Bxc6
bxc6 9. Nxc6 Qe8 10. Nxe7+ Qxe7 11. Qa4 c5 12. dxc5 Qxc5 13. Be3 Qc7 14. Rd1 Bb7
15. O-O Nd5 16. Bd4 Rfd8 17. f3 h6 18. Bf2 Nxc3 19. bxc3 e5 20. Rxd8+ Rxd8 21.
Rb1 e4 22. Qxa7 exf3 23. exf3 Rd7 24. Bd4 Kh7 25. Qb6 Qc8 26. Qc5 Qxc5 27. Bxc5
Bxf3 28. Bd4 Rb7 29. Rxb7 Bxb7 30. a4 g5 31. Kf2 Kg6 32. Ke3 Kf5 33. a5 h5 34.
Bb6 h4 35. gxh4 gxh4 36. Kd4 Ke6 37. Kxc4 h3 38. Bc7 Kd7 39. Bf4 Kc6 40. Kd4 Ba6
41. Ke5 Kb5 42. Kf6 Kxa5 43. Kxf7 1/2-1/2

[Event "TCh-CHN DivA Regular"]
[Site "Fuling CHN"]
[Date "2023.06.05"]
[Round "1.2"]
[Board "3"]
[White "Zhao, Yuanhe"]
[Black "Ma, Qun"]
[Result "0-1"]
[WhiteTitle "IM"]
[BlackTitle "GM"]
[WhiteElo "2461"]
[BlackElo "2648"]
[WhiteTeam "Chengdu"]
[BlackTeam "Hangzhou Bank"]
[WhiteFideId "8609497"]
[BlackFideId "8603154"]
[EventDate "2023.06.05"]
[EventType "team"]

1. Nf3 d5 2. d4 Nf6 3. c4 e6 4. e3 b6 5. Nc3 Bd6 6. Qc2 O-O 7. cxd5 exd5 8. Nb5
Bb4+ 9. Bd2 Bxd2+ 10. Nxd2 c6 11. Nc3 c5 12. Nf3 Nc6 13. Qa4 Ne7 14. Be2 Bd7 15.
Qa3 c4 16. Ne5 b5 17. Qd6 Be8 18. Qa6 b4 19. Na4 Rb8 20. Nc5 Bb5 21. Qxa7 Nc6
22. Nxc6 Bxc6 23. Qa6 Qc7 0-1

[Event "TCh-CHN DivA Regular"]
[Site "Fuling CHN"]
[Date "2023.06.05"]
[Round "1.2"]
[Board "4"]
[White "Zhai, Mo"]
[Black "Chu, Ruotong"]
[Result "1/2-1/2"]
[WhiteTitle "WGM"]
[BlackTitle "WIM"]
[WhiteElo "2347"]
[BlackElo "2166"]
[WhiteTeam "Hangzhou Bank"]
[BlackTeam "Chengdu"]
[WhiteFideId "8600201"]
[BlackFideId "8605653"]
[EventDate "2023.06.05"]
[EventType "team"]

1. d4 d5 2. c4 dxc4 3. Nf3 Nf6 4. e3 e6 5. Bxc4 a6 6. O-O c5 7. Bd3 Nc6 8. Nc3
Be7 9. dxc5 Bxc5 10. a3 O-O 11. b4 Ba7 12. Bb2 e5 13. Qb1 Bg4 14. Nd2 Rc8 15.
Nde4 Nxe4 16. Nxe4 Qe7 17. Ng3 g6 18. Be4 Be6 19. Rc1 f6 20. h4 Nb8 21. Qd3 Rcd8
22. Qe2 f5 23. Bd3 Nc6 24. Bc4 Bxc4 25. Qxc4+ Qf7 26. Nf1 f4 27. exf4 Qxc4 28.
Rxc4 Rxf4 29. Rxf4 exf4 30. Re1 Bd4 1/2-1/2

[Event "TCh-CHN DivA Regular"]
[Site "Fuling CHN"]
[Date "2023.06.05"]
[Round "1.2"]
[Board "5"]
[White "Ren, Xiaoyi"]
[Black "Yan, Tianqi"]
[Result "1/2-1/2"]
[WhiteTitle "WIM"]
[BlackTitle "WIM"]
[WhiteElo "2079"]
[BlackElo "2246"]
[WhiteTeam "Chengdu"]
[BlackTeam "Hangzhou Bank"]
[WhiteFideId "8608709"]
[BlackFideId "8615250"]
[EventDate "2023.06.05"]
[EventType "team"]

1. d4 Nf6 2. c4 e6 3. Nf3 d5 4. Nc3 Bb4 5. Bg5 dxc4 6. e4 h6 7. Bxf6 Qxf6 8.
Bxc4 c5 9. O-O O-O 10. e5 Qd8 11. Ne4 cxd4 12. Qxd4 Qxd4 13. Nxd4 Bd7 14. f4 Nc6
15. Nb5 Na5 16. Bd3 Bxb5 17. Bxb5 a6 18. Be2 Rfd8 19. Rad1 Nc6 20. a3 Be7 21.
Bc4 Rac8 22. Nd6 Rc7 23. Bb3 Rcd7 24. Nc4 Nd4 25. Nb6 Ne2+ 26. Kh1 Rxd1 27. Rxd1
Nxf4 28. Nd7 Rc8 29. g3 Ng6 30. Kg2 Bg5 31. h4 Bd8 32. Kf3 Bc7 33. Ke4 Rd8 34.
h5 Ne7 35. Nc5 Nc6 36. Nxb7 Rxd1 37. Bxd1 Bxe5 38. Ba4 f5+ 39. Kd3 Nb8 40. b4
Bb2 41. b5 axb5 42. Bxb5 Bxa3 43. Bc4 Kf7 44. Nd8+ Kf6 45. Nxe6 Bd6 46. Nf4 Kg5
47. Ne6+ Kxh5 48. Nxg7+ Kg6 49. Ne6 Nc6 50. Bb5 Ne7 51. Ke3 Bxg3 52. Kf3 Bd6 53.
Bd3 Nc6 54. Bb5 Ne5+ 55. Kg2 Kf6 56. Nd4 Ng6 57. Nf3 Nf4+ 58. Kf2 Nd5 59. Bc6
Ne7 60. Bd7 f4 61. Kg2 Nd5 62. Kh3 Ne3 63. Kh4 Bf8 64. Kh5 Ke7 65. Bc8 Kf7 66.
Bd7 Kf6 67. Bc8 Nd5 68. Bd7 Nb6 69. Bc6 Kf5 70. Nh4+ Kf6 71. Ng6 Bd6 72. Kxh6 1/2-1/2

[Event "TCh-CHN DivA Regular"]
[Site "Fuling CHN"]
[Date "2023.06.05"]
[Round "1.3"]
[Board "1"]
[White "Liu, Yan"]
[Black "Li, Chao b"]
[Result "1/2-1/2"]
[WhiteTitle "GM"]
[BlackTitle "GM"]
[WhiteElo "2545"]
[BlackElo "2658"]
[WhiteTeam "Chongqing Sports Lottery"]
[BlackTeam "Beijing"]
[WhiteFideId "8608962"]
[BlackFideId "8604436"]
[EventDate "2023.06.05"]
[EventType "team"]

1. Nf3 Nf6 2. c4 c6 3. d4 d5 4. e3 g6 5. Nc3 Bg7 6. Be2 O-O 7. O-O dxc4 8. Bxc4
Bg4 9. h3 Bxf3 10. Qxf3 Nbd7 11. Rd1 e5 12. a4 Qe7 13. b3 Rfd8 14. Ba3 Qe8 15.
Rac1 Nb6 16. a5 e4 17. Qf4 Nxc4 18. bxc4 Qe6 19. Qe5 Qxc4 20. Nxe4 Nxe4 21.
Qxg7+ Kxg7 22. Rxc4 Nd6 23. Bxd6 Rxd6 24. Rb1 Rb8 25. Rcb4 Rd7 26. Kf1 Kf8 27.
Ke2 Ke7 28. e4 Kd6 29. Ke3 Kc7 30. h4 h5 1/2-1/2

[Event "TCh-CHN DivA Regular"]
[Site "Fuling CHN"]
[Date "2023.06.05"]
[Round "1.3"]
[Board "2"]
[White "Zhang, Di"]
[Black "Bu, Xiangzhi"]
[Result "1-0"]
[BlackTitle "GM"]
[WhiteElo "2273"]
[BlackElo "2694"]
[WhiteTeam "Beijing"]
[BlackTeam "Chongqing Sports Lottery"]
[WhiteFideId "8616590"]
[BlackFideId "8601445"]
[EventDate "2023.06.05"]
[EventType "team"]

1. e4 c5 2. Nf3 Nc6 3. Bb5 g6 4. O-O Bg7 5. Nc3 d6 6. e5 dxe5 7. Bxc6+ bxc6 8.
Re1 f6 9. d3 Nh6 10. Be3 Qa5 11. Nd2 Ng4 12. Nc4 Nxe3 13. Nxa5 Nxd1 14. Raxd1
Rb8 15. b3 Bd7 16. a4 f5 17. Nb1 O-O 18. Nc4 e4 19. dxe4 Rbd8 20. e5 f4 21. f3
Bf5 22. Rc1 Be6 23. Na5 c4 24. Nxc6 Rd7 25. b4 Rc8 26. b5 Kf8 27. Nc3 a6 28. Rb1
axb5 29. axb5 Rb7 30. Ne2 Bd7 31. Ned4 Ke8 32. c3 e6 33. Rb4 Bxc6 34. bxc6 Rxb4
35. cxb4 Bf8 36. Rc1 Bxb4 37. Rxc4 Bd2 38. Nxe6 Ke7 39. Nxf4 Bxf4 40. Rxf4 Rxc6
41. Re4 Ke6 42. Kf2 Rc2+ 43. Kg3 h5 44. Re3 Rc4 45. Re2 Ra4 46. f4 Rb4 47. h3
Ra4 48. Kf3 Ra3+ 49. Re3 Ra1 50. g4 hxg4+ 51. hxg4 Ra4 52. Kg3 Ke7 53. Rf3 g5
54. fxg5 Ke6 55. g6 1-0

[Event "TCh-CHN DivA Regular"]
[Site "Fuling CHN"]
[Date "2023.06.05"]
[Round "1.3"]
[Board "3"]
[White "Zeng, Chongsheng"]
[Black "Peng, Hongchi"]
[Result "1-0"]
[WhiteTitle "GM"]
[WhiteElo "2581"]
[BlackElo "2426"]
[WhiteTeam "Chongqing Sports Lottery"]
[BlackTeam "Beijing"]
[WhiteFideId "8603847"]
[BlackFideId "8609047"]
[EventDate "2023.06.05"]
[EventType "team"]

1. e4 e5 2. Nf3 Nc6 3. d4 exd4 4. Nxd4 Bc5 5. Nb3 Bb6 6. Nc3 Nge7 7. Qe2 O-O 8.
Be3 d6 9. O-O-O Bxe3+ 10. Qxe3 a5 11. a3 Be6 12. f4 Bxb3 13. cxb3 Qb8 14. Bc4
Qa7 15. Qxa7 Nxa7 16. e5 Rfd8 17. exd6 Rxd6 18. Ne4 Rxd1+ 19. Rxd1 Kf8 20. Ng5
b5 21. Be2 h6 22. Ne4 Ke8 23. Nc5 c6 24. Bf3 Rb8 25. Rd7 Ra8 26. Rb7 Kd8 27. g3
Nac8 28. Kd2 Ra7 29. Rxa7 Nxa7 30. Nb7+ Kc7 31. Nxa5 Nac8 32. b4 Nb6 33. Nb3 Na4
34. Kc1 Nf5 35. Be4 Nd6 36. Bd3 Nb6 37. Nc5 Nd5 38. Kd2 Nc8 39. Be4 Ncb6 40. b3
g6 41. Kd3 Ne7 42. Kd4 Kd6 43. a4 f5 44. a5 Nbd5 45. Bxd5 cxd5 46. Nd3 Nc6+ 47.
Ke3 g5 48. fxg5 hxg5 49. h4 f4+ 50. gxf4 gxh4 51. Kf3 d4 52. Kg4 Kd5 53. a6 h3
54. Kxh3 Ke4 55. Ne5 Na7 56. Kg4 Nc6 57. Nf3 d3 58. f5 Ke3 59. Kg3 Nd4 60. a7
Nxf3 61. a8=Q Nd4 62. Qe8+ Kd2 63. f6 1-0

[Event "TCh-CHN DivA Regular"]
[Site "Fuling CHN"]
[Date "2023.06.05"]
[Round "1.3"]
[Board "4"]
[White "Wang, Yu A."]
[Black "Wang, Chuqiao"]
[Result "1/2-1/2"]
[WhiteTitle "IM"]
[WhiteElo "2255"]
[BlackElo "2061"]
[WhiteTeam "Beijing"]
[BlackTeam "Chongqing Sports Lottery"]
[WhiteFideId "8601097"]
[BlackFideId "8631638"]
[EventDate "2023.06.05"]
[EventType "team"]

1. e4 e5 2. Nf3 Nc6 3. Bc4 Bc5 4. O-O Nf6 5. d3 d6 6. Nc3 a6 7. Nd5 h6 8. Be3
Bxe3 9. Nxf6+ Qxf6 10. fxe3 O-O 11. Qe1 Qd8 12. Nh4 Be6 13. Bb3 Bxb3 14. axb3
Qd7 15. Qg3 Ne7 16. Rf3 f6 17. Raf1 Qe6 18. Qf2 Rf7 19. h3 Raf8 20. g4 c6 21.
Nf5 Re8 22. h4 Nxf5 23. Rxf5 Ref8 24. Qg3 Kh7 25. Kh2 g6 26. R5f3 Kg7 27. h5 g5
28. Kh3 Rd8 29. Qf2 Rdf8 30. Qg3 Rd8 31. Qf2 Rdf8 1/2-1/2

[Event "TCh-CHN DivA Regular"]
[Site "Fuling CHN"]
[Date "2023.06.05"]
[Round "1.3"]
[Board "5"]
[White "Huang, Qian"]
[Black "Li, Yunshan"]
[Result "1/2-1/2"]
[WhiteTitle "WGM"]
[BlackTitle "WIM"]
[WhiteElo "2431"]
[BlackElo "2283"]
[WhiteTeam "Chongqing Sports Lottery"]
[BlackTeam "Beijing"]
[WhiteFideId "8602689"]
[BlackFideId "8607664"]
[EventDate "2023.06.05"]
[EventType "team"]

1. c4 c5 2. g3 Nf6 3. Bg2 Nc6 4. Nc3 g6 5. Nf3 d5 6. cxd5 Nxd5 7. O-O Bg7 8.
Nxd5 Qxd5 9. d3 O-O 10. Be3 Bd7 11. Qc1 Rac8 12. Qxc5 Qxc5 13. Bxc5 b6 14. Ba3
b5 15. Bc5 Bxb2 16. Rab1 Bf6 17. d4 a6 18. e3 Rfe8 19. Nd2 Na5 20. Rfc1 Bc6 21.
e4 e6 22. Bb4 Bd8 23. e5 Bb6 24. Bxa5 Bxa5 25. Rxc6 Bxd2 26. Rxa6 b4 27. Rd1 Rc2
28. Be4 Rb2 29. f4 Rc8 30. Kh1 Rc4 31. Rd6 Rxa2 32. Bb1 Rb2 33. d5 exd5 34. Rxd5
Rc1 35. Rxc1 Bxc1 36. Be4 Re2 37. Rd8+ Kg7 38. Bf3 Re3 39. Kg2 b3 40. Rb8 b2 41.
Bd5 Rd3 42. Ba2 Ra3 43. Bb1 Ra7 44. Rb6 Rd7 45. Kf3 Ra7 46. Rb3 Kf8 47. Kg4 Kg7
48. h4 Ra1 49. Bc2 Ra3 50. Rxa3 b1=Q 51. Bxb1 Bxa3 52. h5 Be7 53. Ba2 f6 54. Bb1
fxe5 55. fxe5 gxh5+ 56. Kxh5 h6 57. Kg4 Bg5 58. Kf5 Kf7 1/2-1/2

[Event "TCh-CHN DivA Regular"]
[Site "Fuling CHN"]
[Date "2023.06.05"]
[Round "1.4"]
[Board "1"]
[White "Wang, Shixu B"]
[Black "Chen, Qi b"]
[Result "1/2-1/2"]
[WhiteTitle "IM"]
[BlackTitle "IM"]
[WhiteElo "2413"]
[BlackElo "2484"]
[WhiteTeam "Tianjin"]
[BlackTeam "Jiangsu"]
[WhiteFideId "8610665"]
[BlackFideId "8614733"]
[EventDate "2023.06.05"]
[EventType "team"]

1. Nf3 Nf6 2. c4 e6 3. Nc3 d5 4. d4 c6 5. Bg5 Nbd7 6. e3 Qa5 7. Nd2 Bb4 8. Qc2
O-O 9. Be2 Re8 10. Bh4 c5 11. O-O cxd4 12. exd4 Bxc3 13. bxc3 b6 14. a4 Ne4 15.
Nxe4 dxe4 16. Qxe4 Ba6 17. Be7 Rac8 18. Bb4 Qg5 19. f4 Qd8 20. Bd3 f5 21. Qe2
Qc7 22. a5 Bxc4 23. Bxc4 Qxc4 24. Qxc4 Rxc4 25. axb6 axb6 26. Ra7 Nf6 27. Rfa1
Nd5 28. Rb7 Nxb4 29. cxb4 Rxb4 30. Raa7 Rxd4 31. Rxg7+ Kh8 32. Rxh7+ Kg8 33.
Rag7+ Kf8 34. Rb7 Kg8 35. Rbg7+ Kf8 36. h4 Rxf4 37. Rf7+ Kg8 38. Rfg7+ Kf8 39.
h5 Rg4 40. Rxg4 fxg4 41. Rb7 Re7 1/2-1/2

[Event "TCh-CHN DivA Regular"]
[Site "Fuling CHN"]
[Date "2023.06.05"]
[Round "1.4"]
[Board "3"]
[White "Dai, Changren"]
[Black "Lin, Chen"]
[Result "1/2-1/2"]
[WhiteTitle "GM"]
[BlackTitle "GM"]
[WhiteElo "2515"]
[BlackElo "2509"]
[WhiteTeam "Tianjin"]
[BlackTeam "Jiangsu"]
[WhiteFideId "8608156"]
[BlackFideId "8602298"]
[EventDate "2023.06.05"]
[EventType "team"]

1. d4 Nf6 2. c4 g6 3. Nc3 d5 4. cxd5 Nxd5 5. e4 Nxc3 6. bxc3 Bg7 7. Bc4 c5 8.
Ne2 O-O 9. Be3 Nc6 10. Rc1 cxd4 11. cxd4 Qa5+ 12. Rc3 Bg4 13. f3 Rad8 14. Qd2
Be6 15. Bxe6 fxe6 16. a3 Nxd4 17. Bxd4 Bxd4 18. Nxd4 Rxd4 19. Qxd4 Rc8 20. Kd2
Rd8 21. Qxd8+ Qxd8+ 22. Ke2 Qd6 23. g3 Kf7 24. Rd1 Qb6 25. Rcd3 Qb2+ 26. R1d2
Qc1 27. Rd1 Qb2+ 28. R1d2 Qc1 29. Rd1 Qb2+ 30. R1d2 1/2-1/2

[Event "TCh-CHN DivA Regular"]
[Site "Fuling CHN"]
[Date "2023.06.05"]
[Round "1.4"]
[Board "4"]
[White "Yuan, Ye"]
[Black "Xiao, Yiyi"]
[Result "0-1"]
[BlackTitle "WGM"]
[WhiteElo "2194"]
[BlackElo "2331"]
[WhiteTeam "Jiangsu"]
[BlackTeam "Tianjin"]
[WhiteFideId "8608415"]
[BlackFideId "8606161"]
[EventDate "2023.06.05"]
[EventType "team"]

1. d4 d5 2. c4 e6 3. Nc3 Nf6 4. cxd5 exd5 5. Bg5 c6 6. e3 h6 7. Bh4 Be7 8. Bd3
O-O 9. Nge2 Ne8 10. Bg3 Nd6 11. Qc2 Re8 12. O-O Bf8 13. Rae1 a5 14. Nc1 Na6 15.
a3 b5 16. Nd1 Qb6 17. f3 Nc4 18. Bf2 b4 19. Bxc4 dxc4 20. a4 Nc7 21. e4 Ba6 22.
Ne2 Rab8 23. Kh1 Red8 24. g4 Ne6 25. d5 Nc5 26. dxc6 Qxc6 27. Nd4 Qg6 28. Nf5 c3
29. bxc3 b3 30. Qb1 Bd3 31. Qa1 Bxf1 32. Rxf1 Rd2 33. Bd4 b2 34. Qb1 Qa6 35. Nf2
Qxf1+ 36. Qxf1 b1=Q 37. Qxb1 Rxb1+ 38. Kg2 Nxa4 39. Be3 Re2 40. c4 Bc5 0-1

[Event "TCh-CHN DivA Regular"]
[Site "Fuling CHN"]
[Date "2023.06.05"]
[Round "1.4"]
[Board "5"]
[White "Zhang, Xiaowen"]
[Black "Guo, Qi"]
[Result "1/2-1/2"]
[WhiteTitle "WGM"]
[BlackTitle "IM"]
[WhiteElo "2266"]
[BlackElo "2369"]
[WhiteTeam "Tianjin"]
[BlackTeam "Jiangsu"]
[WhiteFideId "8603219"]
[BlackFideId "8604002"]
[EventDate "2023.06.05"]
[EventType "team"]

1. e4 e5 2. Nf3 Nc6 3. Nc3 Nf6 4. d4 exd4 5. Nxd4 Bb4 6. Nxc6 bxc6 7. Bd3 d5 8.
exd5 cxd5 9. O-O O-O 10. Bg5 c6 11. Qf3 Bd6 12. h3 h6 13. Bxf6 Qxf6 14. Qxf6
gxf6 15. Ne2 Rb8 16. Rab1 c5 17. b3 Re8 18. Ng3 Be6 19. Nf5 Bf8 20. Ne3 Bd6 21.
Rfd1 Bf4 22. c4 Bxe3 23. cxd5 Bxf2+ 24. Kxf2 Bxd5 25. Bh7+ Kxh7 26. Rxd5 c4 27.
Rd7 a5 28. Rxf7+ Kg6 29. Rc7 cxb3 30. Rxb3 Rxb3 31. axb3 Rb8 32. Rc5 Rxb3 33.
Rxa5 1/2-1/2

[Event "TCh-CHN DivA Regular"]
[Site "Fuling CHN"]
[Date "2023.06.05"]
[Round "1.5"]
[Board "1"]
[White "Ni, Hua"]
[Black "Zhu, Hengyi"]
[Result "0-1"]
[WhiteTitle "GM"]
[WhiteElo "2669"]
[BlackElo "2247"]
[WhiteTeam "Shanghai"]
[BlackTeam "Hangzhou"]
[WhiteFideId "8601160"]
[BlackFideId "8611211"]
[EventDate "2023.06.05"]
[EventType "team"]

1. d4 Nf6 2. Nf3 e6 3. Bg5 h6 4. Bh4 b6 5. e3 Bb7 6. Nbd2 Be7 7. c3 Ne4 8. Bxe7
Qxe7 9. Bd3 Nxd2 10. Qxd2 d6 11. e4 Nd7 12. O-O O-O 13. Rfe1 e5 14. a4 a5 15.
Re3 Rfd8 16. Rae1 Nf8 17. g3 Qf6 18. Bc4 Ne6 19. h4 Rab8 20. Rd3 exd4 21. Nxd4
Nxd4 22. cxd4 Re8 23. d5 Re7 24. Kg2 Qg6 25. f3 Rf8 26. Bb5 Re5 27. Rd4 Bc8 28.
f4 Re7 29. Qc3 f5 30. e5 dxe5 31. fxe5 f4 32. e6 Bb7 33. Kh2 Qg4 34. Rg1 Rxe6
35. Qd2 Ref6 36. gxf4 Qxh4+ 37. Kg2 Rg6+ 0-1

[Event "TCh-CHN DivA Regular"]
[Site "Fuling CHN"]
[Date "2023.06.05"]
[Round "1.5"]
[Board "2"]
[White "Xiang, Zeyu"]
[Black "Xu, Yi"]
[Result "1/2-1/2"]
[WhiteTitle "IM"]
[BlackTitle "GM"]
[WhiteElo "2397"]
[BlackElo "2502"]
[WhiteTeam "Hangzhou"]
[BlackTeam "Shanghai"]
[WhiteFideId "8608547"]
[BlackFideId "8605564"]
[EventDate "2023.06.05"]
[EventType "team"]

1. d4 Nf6 2. c4 e6 3. Nf3 d5 4. g3 Be7 5. Bg2 O-O 6. O-O dxc4 7. Qc2 a6 8. a4
Bd7 9. Qxc4 Bc6 10. Bg5 Bd5 11. Qc2 Be4 12. Qc1 Nc6 13. Nbd2 Nxd4 14. Nxd4 Bxg2
15. Nxe6 Qd6 16. Nxf8 Bxf1 17. Nxf1 Bxf8 18. Qc2 Re8 19. Rd1 Qe5 20. Bxf6 Qxf6
21. Ne3 Bd6 22. Rd5 Qe6 23. b3 Qe4 24. Qxe4 Rxe4 25. Kf1 Kf8 26. Nc4 Bb4 27. f3
Re8 28. e4 c6 29. Rd7 b5 30. Nd6 Bxd6 31. Rxd6 Re6 32. Rd7 Re7 33. Rd8+ Re8 34.
Rd7 Re7 35. Rd8+ Re8 1/2-1/2